Abraham Lincoln From the Log Cabin to the White House (Record no. 6748)

MARC details
000 -LEADER
fixed length control field 00355nam a2200133Ia 4500
003 - CONTROL NUMBER IDENTIFIER
control field OSt
008 - FIXED-LENGTH DATA ELEMENTS--GENERAL INFORMATION
fixed length control field 191201s2012 xx 000 0 und d
100 ## - MAIN ENTRY--PERSONAL NAME
Personal name HELFAND, Lewis
245 #0 - TITLE STATEMENT
Title Abraham Lincoln From the Log Cabin to the White House
260 ## - PUBLICATION, DISTRIBUTION, ETC. (IMPRINT)
Name of publisher, distributor, etc KALYANI NAVYUG MEDIA PVT LTD
Date of publication, distribution, etc 2012
300 ## - PHYSICAL DESCRIPTION
Extent 105
650 ## - SUBJECT ADDED ENTRY--TOPICAL TERM
Topical term or geographic name as entry element General Books
942 ## - ADDED ENTRY ELEMENTS (KOHA)
Source of classification or shelving scheme Dewey Decimal Classification
Koha item type Text Books
942 ## - ADDED ENTRY ELEMENTS (KOHA)
-- 1
Holdings
Withdrawn status Lost status Source of classification or shelving scheme Damaged status Not for loan Collection code Home library Current library Shelving location Date acquired Source of acquisition Cost, normal purchase price Bill Number Total Checkouts Full call number Acc. no. / Barcode Date last seen Date last borrowed Actual Cost, discounted price Bill Date Koha item type Public note Checked out
    Dewey Decimal Classification     GENERAL PIET C-LIBRARY PIET C-LIBRARY Ref. Sec. R02 21/07/2020 Kalyani Nav yug Media Pvt Ltd. 275.00 271 1 973.7092 HEA 30242 28/01/2023 18/01/2023 151.25 31/08/2018 Text Books Stories and Novels  
    Dewey Decimal Classification     GENERAL PIET C-LIBRARY PIET C-LIBRARY Ref. Sec. R02 21/07/2020 Kalyani Nav yug Media Pvt Ltd. 275.00 271   973.7092 HEA 30243 04/12/2019   151.25 31/08/2018 Reference Books History and Culture  
    Dewey Decimal Classification     GENERAL PIET C-LIBRARY PIET C-LIBRARY Ref. Sec. R02 21/07/2020 Kalyani Nav yug Media Pvt Ltd. 275.00 271 1 973.7092 HEA 30244 19/05/2025 19/05/2025 151.25 31/08/2018 Text Books History and Culture 05/12/2025

Design & Developed by: PIET Central Library
R70 Miles Stone Pattikalyana Samalkha Panipat 132102
mail ID :- [email protected], Phone No:- 0180-2569700 Ex.216